000
00487nam a2200181Ia 4500
008
090123s9999 xx 000 0 und d
082
_b
2614
100
_a
गांगल वसंत
245
_a
शबरीची बोरे
250
_a
1
260
_c
1972
300
_a
98
600
_a
गांगल वसंत
630
_a
शबरीची बोरे
700
_a
गांगल वसंत
730
_a
शबरीची बोरे
942
_c
BOOK
999
_c
40698
_d
40698